Statistics for Target Store Locations (States P-Z)

Click here to take the quiz!

General Stats

  • This quiz has been taken 2 times
  • The average score is 107 of 465

Answer Stats

HintAnswer% Correct
TXAustin
100%
TXDallas
100%
TXHouston
100%
PAPhiladelphia
100%
TX | VARichmond
100%
UTSalt Lake City
100%
WASeattle
100%
SDAberdeen
50%
TXAbilene
50%
VAAlexandria
50%
TXAmarillo
50%
UTAmerican Fork
50%
TX | VAArlington
50%
WABellevue
50%
WYCasper
50%
VAChesapeake
50%
WYCheyenne
50%
TXCollege Station
50%
TXCorpus Christi
50%
TXDenton
50%
TXEl Paso
50%
TXFort Worth
50%
TXFrisco
50%
TN | WYJackson
50%
WAKennewick
50%
TXLake Jackson
50%
TXLaredo
50%
UTLayton
50%
TXLubbock
50%
TN | WIMadison
50%
TXMcKinney
50%
TXMidland
50%
WIMilwaukee
50%
VANewport News
50%
VANorfolk
50%
SCNorth Charleston
50%
TXOdessa
50%
WAOlympia
50%
UTOrem
50%
WIOshkosh
50%
PAPittsburgh
50%
TXPlano
50%
TXPort Arthur
50%
UTProvo
50%
UTRiverdale
50%
TXSan Antonio
50%
UTSandy
50%
UTSouth Jordan
50%
UTSpanish Fork
50%
WASpokane
50%
UTSt. George
50%
WATacoma
50%
TXTexarkana
50%
WAVancouver
50%
TXVictoria
50%
VAVirginia Beach
50%
UTWest Jordan
50%
UTWest Valley City
50%
TXWichita Falls
50%
WAYakima
50%
PAAbington
0%
TXAddison
0%
SCAiken
0%
TXAllen
0%
PAAllentown
0%
PAAltoona
0%
SCAnderson
0%
WIAppleton
0%
TXBalcones Heights
0%
WVBarboursville
0%
TXBaytown
0%
TXBeaumont
0%
TXBee Cave
0%
WABellingham
0%
PABensalem
0%
SCBluffton
0%
SCBoiling Springs
0%
WABonney Lake
0%
TNBrentwood
0%
WVBridgeport
0%
VABristol
0%
WIBrookfield
0%
TXBrownsville
0%
TXBryan
0%
TXBurleson
0%
WABurlington
0%
PAButler
0%
PACarlisle
0%
TXCedar Hill
0%
TXCedar Park
0%
UTCenterville
0%
PAChambersburg
0%
VAChantilly
0%
SCCharleston
0%
VACharlottesville
0%
TNChattanooga
0%
VAChester
0%
VAChristianburg
0%
TNClarksville
0%
TXClear Lake Shores
0%
TNCleveland
0%
TNCollierville
0%
VAColonial Heights
0%
SCColumbia
0%
TXConroe
0%
PACranberry Township
0%
VACulpeper
0%
TXCypress
0%
VADanville
0%
WIDelafield
0%
TXDickinson
0%
PADickson City
0%
PADoylestown
0%
VADumfries
0%
PAEaston
0%
WIEau Claire
0%
PAErie
0%
TXEuless
0%
WAEverett
0%
PAExton
0%
VAFairfax
0%
VAFalls Church
0%
WAFederal Way
0%
WIFitchburg
0%
SCFlorence
0%
TXFlower Mound
0%
WIFond du Lac
0%
TN | WIFranklin
0%
VAFredericksburg
0%
VAFront Royal
0%
VAGainesville
0%
TXGalveston
0%
TXGarland
0%
TXGeorgetown
0%
TNGermantown
0%
PAGibsonia
0%
WAGig Harbor
0%
VAGlen Allen
0%
WIGlendale
0%
PAGlen Mills
0%
WIGrafton
0%
TXGrand Prairie
0%
TXGrapevine
0%
WIGreen Bay
0%
PAGreensburg
0%
SCGreenville
0%
VAHampton
0%
PAHanover
0%
TXHarker Heights
0%
TXHarlingen
0%
PAHarrisburg
0%
VAHarrisonburg
0%
TNHendersonville
0%
VAHenrico
0%
TNHixson
0%
PAHomestead
0%
WIHudson
0%
TXHumble
0%
TXHuntsville
0%
WVHurricane
0%
TXHurst
0%
SCIndian Land
0%
TXIrving
0%
WAIssaquah
0%
WIJanesville
0%
TNJohnson City
0%
TXKaty
0%
WAKelso
0%
WAKent
0%
PAKing of Prussia
0%
TNKingsport
0%
TNKnoxville
0%
TXKyle
0%
WALacey
0%
WILake Geneva
0%
WALake Stevens
0%
WALakewood
0%
TXLake Worth
0%
PALancaster
0%
PALanghorne
0%
PALebanon
0%
VALeesburg
0%
TXLewisville
0%
SCLexington
0%
RHLincoln
0%
PALititz
0%
TXLongview
0%
TXLufkin
0%
VALynchburg
0%
WALynnwood
0%
TXMagnolia
0%
PAMalvern
0%
VAManassas
0%
TXMansfield
0%
WIMarshfield
0%
WVMartinsburg
0%
WAMarysville
0%
TNMaryville
0%
TXMcAllen
0%
PAMechanicsburg
0%
VAMechanicsville
0%
TNMemphis
0%
WIMenomonee Falls
0%
TXMesquite
0%
VAMidlothian
0%
TXMission
0%
TXMissouri City
0%
PAMonaca
0%
PAMonroeville
0%
WVMorgantown
0%
TNMount Juliet
0%
SCMount Pleasant
0%
PAMuncy
0%
TNMurfreesboro
0%
SCMyrtle Beach
0%
TNNashville
0%
WINew Berlin
0%
TXNew Braunfels
0%
TXNew Caney
0%
PANorth Huntingdon
0%
TXNorth Richland Hills
0%
PANorth Wales
0%
WIOak Creek
0%
WIOnalaska
0%
TXPasadena
0%
TXPearland
0%
TXPflugerville
0%
PAPhoenixville
0%
WIPleasant Prairie
0%
PAPlymouth Meeting
0%
TXPortland
0%
PAPottstown
0%
TXProsper
0%
WAPuyallup
0%
PAQuakertown
0%
WIRacine
0%
SDRapid City
0%
PAReading
0%
WARedmond
0%
WARenton
0%
VAReston
0%
TXRichardson
0%
WARichland
0%
VARoanoke
0%
SCRock Hill
0%
TXRockwall
0%
TXRosenberg
0%
VARosslyn
0%
TXRound Rock
0%
TXRowlett
0%
PARoyersford
0%
TXSan Angelo
0%
TXSan Marcos
0%
WISchofield
0%
PASellingsgrove
0%
TXSelma
0%
TNSevierville
0%
WISheboygan Falls
0%
TXSherman
0%
WASilverdale
0%
SCSimpsonville
0%
SDSioux Falls
0%
RHSmithfield
0%
TNSmyrna
0%
VTSouth Burlington
0%
VA | WVSouth Charleston
0%
SCSpartanburg
0%
TXSpring
0%
PA | VASpringfield
0%
TNSpring Hill
0%
TX | VAStafford
0%
PAState College
0%
VASterling
0%
WIStevens Point
0%
PAStroudsburg
0%
WISturgeon Bay
0%
TXSugar Land
0%
SCSummerville
0%
WISun Prairie
0%
SCTaylors
0%
UTTaylorsville
0%
PA | TXTemple
0%
TXThe Woodlands
0%
TXTomball
0%
WVTriadelphia
0%
WATukwila
0%
TXTyler
0%
PAUniontown
0%
TXWaco
0%
PAWarrington
0%
RHWarwick
0%
PAWashington
0%
TXWatauga
0%
SDWatertown
0%
WIWaukesha
0%
WIWauwatosa
0%
TXWaxahachie
0%
PAWayne
0%
VAWaynesboro
0%
TXWeatherford
0%
TXWebster
0%
WAWenatchee
0%
WIWest Allis
0%
PAWest Chester
0%
PAWest Mifflin
0%
WIWest Milwaukee
0%
PAWilkes-Barre Township
0%
VAWilliamsburg
0%
VAWinchester
0%
VAWoodbridge
0%
WAWoodinville
0%
TXWylie
0%
PAWyncote
0%
PAWynnewood
0%
PAWyomissing
0%
PAYork
0%

Score Distribution

Percentile by Number Answered

Percent of People with Each Score

Your Score History

You have not taken this quiz